000 00491nam a22001931a 4500
001 18805
003 OSt
005 20260204212422.0
008 180904s2011||||ck ||||||b||||||||||spa||
020 _a9789588564050
082 _a624.153 T255c
110 _aAsocreto
245 _aTecnología del concreto:manejo y colocación en obra/Asocreto
250 _a3
264 _aBogotá:Asocreto
300 _a232 p.
650 _aHormigón 2.Materiales de construcciónÌ
942 _2ddc
_cBK
999 _c18805
_d18805